| 000 | 00471nam a22001457a 4500 | ||
|---|---|---|---|
| 020 | _a- | ||
| 082 | _a796.3580954 KHA | ||
| 100 | _aKhalid, Mahmood Syed | ||
| 245 | _aCricket Fever: A history of Pakistan-India Tours | ||
| 260 |
_aKarachi _bJumbo Publishing _c2008 |
||
| 300 | _a142 p. | ||
| 500 | _aIncludes index | ||
| 650 | _aCricket--India--History. Cricket--Pakistan--History. India--Foreign relations--Pakistan. Pakistan--Foreign relations--India. | ||
| 942 | _cBK | ||
| 999 |
_c490201 _d490201 |
||